ADVANCED ACCOUNTS [VOL-I] (Record no. 8890)

MARC details
000 -LEADER
fixed length control field 00430nam a22001697a 4500
005 - DATE AND TIME OF LATEST TRANSACTION
control field 20251010121411.0
008 - FIXED-LENGTH DATA ELEMENTS--GENERAL INFORMATION
fixed length control field 251008b |||||||| |||| 00| 0 eng d
020 ## - INTERNATIONAL STANDARD BOOK NUMBER
ISBN 978-93-550-1076-6
041 ## - LANGUAGE CODE
Language code of text/sound track or separate title eng
082 ## - DEWEY DECIMAL CLASSIFICATION NUMBER
Classification number 657.046SHU-A
100 ## - MAIN ENTRY--AUTHOR NAME
Personal name SHUKLA, MC & GREWAL, TS AND GUPTA,SC
245 ## - TITLE STATEMENT
Title ADVANCED ACCOUNTS [VOL-I]
250 ## - EDITION STATEMENT
Edition statement 19TH ED.
260 ## - PUBLICATION, DISTRIBUTION, ETC. (IMPRINT)
Place of publication NEW DELHI
Name of publisher S CHAND
Year of publication 1960
300 ## - PHYSICAL DESCRIPTION
Number of Pages 17.50;P
942 ## - ADDED ENTRY ELEMENTS (KOHA)
Koha item type Books
Holdings
Lost status Damaged status Collection code Home library Current library Date acquired Source of acquisition Cost, normal purchase price Full call number Accession Number Koha item type
    MANAGEMENT JRU Library JRU Library 08/10/2025 PURCHASE 1600.00 657.046 28954 Books
    MANAGEMENT JRU Library JRU Library 08/10/2025 PURCHASE 1600.00 657.046 28955 Books
    MANAGEMENT JRU Library JRU Library 08/10/2025 PURCHASE 1600.00 657.046 28956 Books
    MANAGEMENT JRU Library JRU Library 08/10/2025 PURCHASE 1600.00 657.046 28957 Books
    MANAGEMENT JRU Library JRU Library 08/10/2025 PURCHASE 1600.00 657.046 28958 Books